[Event "HUN-chT2 Toth 1415"]
[Site "Hungary"]
[Date "2015.03.01"]
[Round "9.11"]
[White "Bacsur, Imre"]
[Black "Bodo, Imre"]
[Result "0-1"]
[WhiteElo "1739"]
[BlackElo "1650"]
[PlyCount "110"]
[EventDate "2014.09.07"]
[EventType "team-tourn"]
[EventRounds "11"]
[EventCountry "HUN"]
[SourceTitle "EXT 2016"]
[Source "ChessBase"]
[SourceDate "2015.10.08"]
[SourceVersion "1"]
[SourceVersionDate "2015.10.08"]
[SourceQuality "1"]
[WhiteTeam "Oroshaza"]
[BlackTeam "Maroczy II"]
[WhiteTeamCountry "HUN"]
[BlackTeamCountry "HUN"]

1. e4 e5 2. Nf3 Nc6 3. Bc4 Be7 4. d4 exd4 5. Nxd4 Ne5 6. Bb3 d6 7. 0-0 Nf6 8. Re1 c5 9. Ba4+ Kf8 10. Nf5 Bxf5 11. exf5 Qc8 12. Qe2 Qc7 13. c4 Nc6 14. Bxc6 bxc6 15. Bf4 Re8 16. Nc3 h5 17. Qd3 Qd7 18. Rad1 Rd8 19. Rd2 d5 20. Rde2 Bd6 21. Bxd6+ Qxd6 22. Re7 d4 23. Na4 Qxe7 24. Rxe7 Kxe7 25. Nxc5 Rhe8 26. h3 Kf8 27. Qa3 Re7 28. Nd3 Ke8 29. Qc5 Rc7 30. f3 h4 31. b4 Rdd7 32. Ne5 d3 33. Nxd7 Rxd7 34. Qe3+ Kd8 35. Qd2 Nh5 36. Kf2 Nf4 37. Ke3 Ne2 38. a4 Ng3 39. Kf2 Nh1+ 40. Ke1 Ng3 41. Qg5+ Kc8 42. Qxh4 Nxf5 43. Qg5 g6 44. g4 f6 45. Qf4 d2+ 46. Kd1 Rd4 47. Qe4 Rxe4 48. fxe4 Ne3+ 49. Kxd2 Nxc4+ 50. Kc3 Ne5 51. Kd4 Kc7 52. b5 cxb5 53. axb5 Kd6 54. Ke3 g5 55. Kd4 Nf3+ 0-1

[Event "HUN-chT3"]
[Site "Hungary"]
[Date "1991.??.??"]
[Round "?"]
[White "Dede, Erno"]
[Black "Bacsur, Imre"]
[Result "1-0"]
[WhiteElo "2215"]
[BlackElo "2150"]
[PlyCount "61"]
[EventDate "1991.??.??"]
[EventType "team"]
[EventRounds "11"]
[EventCountry "HUN"]
[SourceTitle "EXT 2001"]
[Source "ChessBase"]
[SourceDate "2000.11.22"]
[SourceVersion "1"]
[SourceVersionDate "2000.11.22"]
[SourceQuality "1"]

1. d4 g6 2. Nf3 Bg7 3. c4 d5 4. Nc3 Nf6 5. Qb3 c6 6. cxd5 Nxd5 7. e4 Nxc3 8. bxc3 Qb6 9. Ba3 Qxb3 10. axb3 Be6 11. Rb1 h6 12. Be2 b6 13. 0-0 a6 14. Rfd1 Bg4 15. Rd3 Nd7 16. h3 Bxf3 17. Bxf3 e5 18. Bg4 exd4 19. cxd4 h5 20. Bxd7+ Kxd7 21. Rf3 f6 22. e5 f5 23. Rg3 Rag8 24. Re1 Bh6 25. e6+ Kd8 26. Bd6 h4 27. Rc3 Bd2 28. Rxc6 Bg5 29. Rxb6 Ke8 30. Rb8+ Bd8 31. Rc1 1-0